00565 2200193 4500001002100000005001500021035002000036008004100056082001400097090000800111245010500119260003000224300003400254650002000288084002000308250000900328110001200337990002200349INLIS00000000000154520260429033700 a0010-0321001545260429 | |  a63:331.36 a3741 aPedoman Penyelenggaraan Diklat Pertanian :bBuku 4 Bimbingan Lanjutan dan Evaluasi Diklat /cBPPSDMP aJakarta :bBPPSDMP,c2003 aiii, 30 hal. :bIlus ;c23 cm 4aEvaluasi diklat a63:331.36 BPP p aEd.12 aBPPSDMP a5147/BPPSDMP/2026